000 00996nam a2200241 a 4500
001 80736
003 BD-RjUL
005 20260507100701.0
008 221109s2006 bg ab||| m||| 00| 0 eng d
035 _a(BD-RjUL)80736
040 _aBD-RjUL
_beng
_cBD-RjUL
_dBD-RjUL
041 _aeng
082 _223
_a551.456
_bKHG 2006
100 _aKHAN, SIRAJUR RAHMAN
_95768
245 1 0 _aGeological Evolution of the Ganges-Brahmaputra Delta During the Holocene Time and Hazard Assessment and Zonation Along the Deltaic Coastal Plain, Bangladesh /
_cSIRAJUR RAHMAN KHAN
_6Guide : Md. Badrul Islam
260 _aRajshahi :
_bDepartment of Geology and Mining, University of Rajshahi,
_c2006
300 _a[5], x, [1], 146 leaves :
_bill. ;
_c29 cm.
502 _aThesis (Ph.D.)-- Department of Geology and Mining,University of Rajshahi, 2006
504 _aReferences : Leaves 140-146
650 _aDeltas
_xCoastal Plain
_zBangladesh
_95769
700 _aIslam, Md. Badrul, Guide
_95770
942 _2ddc
_cTHE
999 _c80736
_d80736